header

Hollowed ground (Record no. 40917)

MARC details
000 -LEADER
fixed length control field 01951nam a2200445Ia 4500
082 04 - DEWEY DECIMAL CLASSIFICATION NUMBER
Classification number 977.4/99
100 1# - MAIN ENTRY--AUTHOR NAME
Personal name Lankton, Larry D.
245 10 - TITLE STATEMENT
Title Hollowed ground
260 ## - PUBLICATION, DISTRIBUTION, ETC. (IMPRINT)
Place of publication Detroit, Mich. :
Name of publisher Wayne State University Press,
Year of publication c2010.
300 ## - PHYSICAL DESCRIPTION
Number of Pages xiii, 376 p. :
Other physical details ill., maps.
490 1# - SERIES STATEMENT
Series statement Great Lakes books
650 #0 - SUBJECT ADDED ENTRY--TOPICAL TERM
Topical Term Copper mines and mining
Topical Term Copper mines and mining
Topical Term Community life
Topical Term Mining camps
856 40 - ELECTRONIC LOCATION AND ACCESS
Uniform Resource Identifier http://site.ebrary.com/lib/rucke/Doc?id=10715459

No items available.

© 2026 Rongo University
Contact us: librarian | system librarian | Rongo university